Tekst piosenki - "Arahja" - Statystyki

Ogólne statystyki
  • Ten quiz został rozwiązany 276 razy
  • Średni wynik to 32 z 36
Statystyki odpowiedzi
Tekst Odpowiedź % Poprawnych
Moj dom ... podzielony murem
100%
Podzielone ... schody murem
100%
Po .... stronie kuchenka prawej
100%
A po .... ... prawej
100%
Moj .., murem podzielony dom
99%
Po lewej stronie ..... lazienka
98%
Po lewej stronie ..... lazienka
98%
...... palców na lewą strone Dziesiec
97%
...... palców na lewą strone Dziesiec
97%
Prawa strona ...... nie zasypia nigdy
93%
Prawa strona ...... nie zasypia nigdy
93%
Prawa strona ...... nie zasypia nigdy
93%
Prawa strona ...... nie zasypia nigdy
93%
Lewa strona nigdy się nie .... budzi
92%
Lewa strona nigdy się nie .... budzi
92%
Lewa strona nigdy się nie .... budzi
92%
Lewa strona nigdy się nie .... budzi
92%
Podzielone murem .... schody
91%
Moja ... murem podzielona ulica
90%
Moja ... murem podzielona ulica
90%
Moja ... murem podzielona ulica
90%
Moje ... murem podzielone cialo
89%
Moje ... murem podzielone cialo
89%
...... dziesięć na prawa strone Drugie
89%
...... dziesięć na prawa strone Drugie
89%
Zza ..... obserwuje obie strony zasłony
86%
Zza ..... obserwuje obie strony zasłony
86%
Zza ..... obserwuje obie strony zasłony
86%
Lewa strona cała ..... wygaszona
83%
Lewa strona cała ..... wygaszona
83%
Lewa strona cała ..... wygaszona
83%
..... równa część na każdą strone Głowy
66%
..... równa część na każdą strone Głowy
66%
Świeci ..... prawa strona neonami
65%
Świeci ..... prawa strona neonami
65%
Świeci ..... prawa strona neonami
65%
Nie znaleziono quizów pasujących do podanych kryteriów
Rozkład punktacji
Procent ludzi z każdym wynikiem
Percentyl według liczby udzielonych odpowiedzi
Twoja historia wyników
Nie rozwiązałeś tego quizu